UBT Library

A guide to opera recordings / (Record no. 42323)

000 -LEADER
fixed length control field 00511pam a2200205 a 4500
001 - CONTROL NUMBER
control field 1934830
005 - DATE AND TIME OF LATEST TRANSACTION
control field 20180213032039.0
008 - FIXED-LENGTH DATA ELEMENTS--GENERAL INFORMATION
fixed length control field 861205s1987 nyu b 001 0 eng
010 ## - LIBRARY OF CONGRESS CONTROL NUMBER
LC control number 86032429
020 ## - INTERNATIONAL STANDARD BOOK NUMBER
International Standard Book Number 0195044258 (alk. paper)
040 ## - CATALOGING SOURCE
Original cataloging agency DLC
Transcribing agency DLC
Modifying agency DLC
041 ## - LANGUAGE CODE
Language code of text/sound track or separate title eng
080 ## - UNIVERSAL DECIMAL CLASSIFICATION NUMBER
Universal Decimal Classification number 789.9
082 00 - DEWEY DECIMAL CLASSIFICATION NUMBER
Classification number 789.9 MOR
Edition number 19
100 1# - Rafti
Rafti 45
101 ## - Shkurtesa
Shkurtesa MUZ
245 12 - TITLE STATEMENT
Title A guide to opera recordings /
Statement of responsibility, etc Ethan Mordden.
906 ## - LOCAL DATA ELEMENT F, LDF (RLIN)
a 7
b cbc
c orignew
d 1
e ocip
f 19
g y-gencatlg
942 ## - ADDED ENTRY ELEMENTS (KOHA)
Source of classification or shelving scheme
Item type Books
Holdings
Withdrawn status Lost status Source of classification or shelving scheme Damaged status Not for loan Collection code Permanent location Current location Shelving location Date acquired Total Checkouts Full call number Barcode Date last seen Price effective from Koha item type
          Koleksioni i përgjithshem UBT - Lipjan UBT - Lipjan Koleksioni i përgjithshem 02/13/2018   789.9 MOR 002-2998179 02/13/2018 02/13/2018 Books
UBT Library © 2015-2024. All rights reserved University Education for Business and Technology